000 00902nam a2200265 a 4500
001 BRCA_1242
005 20190320203337.0
008 960102s1995 mx-a---##b---f000-0#spa-#
020 _a9682951763
040 _aDLC
_cDLC
_dDLC
050 4 _aNB1275
_b.M36 1995
100 1 _aMaquívar, María del Consuelo
_92434
245 1 0 _aEl imaginero novohispano y su obra
_blas esculturas de Tepotzotlán
_cMaría del Consuelo Maquívar.
260 _aMéxico
_bINAH
_c1995
300 _a174 p.
_bil. (algunas a color)
_c26 cm.
440 0 _aObra diversa
_9573
500 _aIncluye glosario y anexo fotográfico
504 _aBibliografía : p. 169-174
650 1 4 _aPolicromía
_zMéxico
_92317
650 1 4 _aEscultura mexicana
_zMéxico
_94084
650 1 4 _aEscultura colonial
_zMéxico
_94085
650 1 4 _aArte cristiano y simbolismo
_zMéxico
_942
650 1 4 _aEscultores
_zMéxico
_94086
942 _2lcc
_cB
999 _c1112
_d1112